| 000 | 01572cam a22003977i 4500 | ||
|---|---|---|---|
| 001 | 20088961 | ||
| 005 | 20230113165204.0 | ||
| 008 | 171023s2018 dcua b 001 0 eng d | ||
| 906 |
_a7 _bcbc _ccopycat _d2 _encip _f20 _gy-gencatlg |
||
| 925 | 0 |
_aacquire _b1 shelf copy _xpolicy default |
|
| 010 | _a 2017958675 | ||
| 020 | _a9781610918572 | ||
| 020 | _a1610918576 | ||
| 020 |
_a9781610918589 _q(paperback) |
||
| 020 |
_a1610918584 _q(paperback) |
||
| 035 | _a(OCoLC)ocn982091753 | ||
| 040 |
_aBTCTA _beng _cBTCTA _erda _dYDX _dBDX _dSEA _dORX _dCDX _dOCLCF _dDLC |
||
| 042 | _alccopycat | ||
| 050 | 0 | 0 |
_aHT391 _b.S33 2018 |
| 082 | 0 | 4 |
_a333.91/7 _223 |
| 100 | 1 |
_aSeavitt Nordenson, Catherine, _eauthor. |
|
| 245 | 1 | 0 |
_aStructures of coastal resilience / _cCatherine Seavitt Nordenson, Guy Nordenson, and Julia Chapman. |
| 264 | 1 |
_aWashington, [DC] : _bIsland Press, _c[2018] |
|
| 264 | 4 | _c©2018 | |
| 300 |
_axv, 226 pages : _billustrations ; _c23 cm |
||
| 336 |
_atext _btxt _2rdacontent |
||
| 337 |
_aunmediated _bn _2rdamedia |
||
| 338 |
_avolume _bnc _2rdacarrier |
||
| 504 | _aincludes bibliographical references and index. | ||
| 505 | 0 | _aDesigning for coastal resiliency -- Visualizing the coast -- Reimagining the floodplain -- Mapping coastal futures -- Centennial projections. | |
| 650 | 0 | _aCoastal zone management. | |
| 650 | 7 |
_aCoastal zone management. _2fast _0(OCoLC)fst00865756 |
|
| 700 | 1 |
_aNordenson, Guy, _eauthor. |
|
| 700 | 1 |
_aChapman, Julia _c(Architect), _eauthor. |
|
| 999 |
_c11243 _d11243 |
||